000 00516nam a22001817a 4500
999 _c4466
_d4466
003 GBCCL
005 20241126110519.0
008 180122b xxu||||| |||| 00| 0 eng d
040 _cgbc
082 _a228.07
_bBAI
100 _aBaines, T. B.
_98336
245 _aThe Revelation of Jesus Christ /
_cT. B. Baines
250 _a5th Ed.
260 _aDillenburg:
_bGute Botschaft Varlag (GBV),
_c1991
300 _a325 p.;
_c22 cm.
650 _aBible
_vNew Testament
_vRevelation
_xCommentaries
_98337
942 _2ddc
_cBK
_07